| 000 | 00753nam a22002417a 4500 | ||
|---|---|---|---|
| 001 | 000436 | ||
| 003 | DO-SdBNP | ||
| 005 | 20180131103906.0 | ||
| 007 | 000436 | ||
| 008 | 160803b 1976 sp a ||||| |||| 00| 0 spa d | ||
| 020 | _a8472225070 | ||
| 040 |
_aBPMSU _bspa _cBPMSU |
||
| 092 |
_axxxxx _bxxxxxx |
||
| 100 | 1 | _aPellissier, Simone | |
| 245 | 1 | 0 |
_aLos indios / _cSimone Pellissier y sus alumnos ; versión del francés de Janine Muls de Liarás. |
| 260 |
_aBarcelona : _bLaia, _c1976. |
||
| 300 |
_a24 p. : _bil. ; _c23 cm. |
||
| 490 | 1 |
_aBiblioteca de trabajo junior _v8 |
|
| 830 | 8 |
_aBiblioteca de trabajo junior ; _v8 |
|
| 942 |
_2ddc _cBK |
||
| 945 | _aInventariado extraviado / 2018 VM | ||
| 956 |
_2LOPEREZ _310 _620160308 _8BPMSU _a00041 |
||
| 999 |
_c11081 _d11081 |
||